NHL Ted Lindsay Award Trophy Winners - Statistics

General Stats
  • This quiz has been taken 70 times
    19 since last reset
  • The average score is 50 of 54
Answer Stats
Year Team Player % Correct
2010 Capitals Alexander Ovechkin
100%
2009 Capitals Alexander Ovechkin
100%
2008 Capitals Alexander Ovechkin
100%
2022 Maple Leafs Auston Matthews
100%
1975 Bruins Bobby Orr
100%
2023 Oilers Connor McDavid
100%
2021 Oilers Connor McDavid
100%
2018 Oilers Connor McDavid
100%
2017 Oilers Connor McDavid
100%
2011 Canucks Daniel Sedin
100%
2012 Penguins Evgeni Malkin
100%
2001 Avalanche Joe Sakic
100%
2020 Oilers Leon Draisaitl
100%
1996 Penguins Mario Lemieux
100%
1993 Penguins Mario Lemieux
100%
1988 Penguins Mario Lemieux
100%
1986 Penguins Mario Lemieux
100%
2004 Lightning Martin St. Louis
100%
2024 Avalanche Nathan MacKinnon
100%
2025 Lightning Nikita Kucherov
100%
2019 Lightning Nikita Kucherov
100%
2016 Blackhawks Patrick Kane
100%
2014 Penguins Sidney Crosby
100%
2013 Penguins Sidney Crosby
100%
2007 Penguins Sidney Crosby
100%
1987 Oilers Wayne Gretzky
100%
1985 Oilers Wayne Gretzky
100%
1984 Oilers Wayne Gretzky
100%
1983 Oilers Wayne Gretzky
100%
1982 Oilers Wayne Gretzky
100%
1991 Blues Brett Hull
92%
2015 Canadiens Carey Price
92%
1978 Canadiens Guy Lafleur
92%
1977 Canadiens Guy Lafleur
92%
1976 Canadiens Guy Lafleur
92%
2002 Flames Jarome Iginla
92%
2006 Rangers Jaromir Jagr
92%
2000 Penguins Jaromir Jagr
92%
1999 Penguins Jaromir Jagr
92%
1980 Kings Marcel Dionne
92%
1979 Kings Marcel Dionne
92%
1992 Rangers Mark Messier
92%
1990 Oilers Mark Messier
92%
1989 Red Wings Steve Yzerman
92%
1973 Flyers Bobby Clarke
85%
1998 Sabres Dominik Hasek
85%
1997 Sabres Dominik Hasek
85%
1995 Flyers Eric Lindros
85%
1974 Bruins Phil Esposito
85%
1971 Bruins Phil Esposito
85%
1994 Red Wings Sergei Fedorov
85%
2003 Canucks Markus Naslund
77%
1972 Rangers Jean Ratelle
23%
1981 Blues Mike Liut
8%
No matching quizzes found
Score Distribution
Percent of People with Each Score
Percentile by Number Answered
Your Score History
You have not taken this quiz since the last reset